| 000 | 00552cam a22001931 4500 | ||
|---|---|---|---|
| 020 | _a2700800818 | ||
| 040 | _cKyU | ||
| 082 | _a632 MIM 1969 C147 Or. | ||
| 100 | 1 | _aMimaud, Jean. | |
| 245 | 1 | 3 | _aLa Protection des plantes horticoles contre leurs ennemis, |
| 260 |
_aParis, _bJ.-B. Baillière et fils, _c1969. |
||
| 300 |
_a383 p. _billus. _c24 cm. |
||
| 490 | 0 | _aCollection Les Manuels professionnels horticoles | |
| 500 | _aIllustrated cover. | ||
| 650 | 0 | _aPlant diseases. | |
| 650 | 0 | _aPests | |
| 700 | 1 | _aPelossier, Michel, | |
| 942 | _cAEDBB | ||
| 999 |
_c22215 _d22215 |
||